Geography Quiz

Random Geography or Color Quiz

Flag Quiz: Red Can't Beat White! Stats

 Plays Quiz not verified by Sporcle

Score 0/10 Timer 02:30
0 Plays Today
% Correct
Finland
85.1%
Belarus
72.1%
Dominica
45.2%
Nauru
45%
Cabo Verde
42%
Guyana
39.6%
Azerbaijan
38.1%
Central African Republic
36.1%
Saint Kitts and Nevis
29.8%
Namibia
21.8%

You're not logged in!

Compare scores with friends on all Sporcle quizzes.
OR
Log In

Show Comments

Extras

Top Quizzes Today


Score Distribution

Your Account Isn't Verified!

In order to create a playlist on Sporcle, you need to verify the email address you used during registration. Go to your Sporcle Settings to finish the process.

Report this User

Report this user for behavior that violates our Community Guidelines.

Details: